000
00325nam a22001457a 4500
008
230322b ||||| |||| 00| 0 eng d
020
_a
9780073384054
041
_a
eng
080
_2
SECOND EDITION
_a
61
082
_a
61MAI
100
_a
4
101
_a
MJKSP
245
_a
WRITING INTENSIVE
_c
MAIMON P.E
942
_2
udc
_c
BK
999
_c
59429
_d
59429